[Event "Fouesnant op 10th"]
[Site "Fouesnant"]
[Date "2004.10.28"]
[Round "7"]
[White "Alvarez, Iannis"]
[Black "Bastide, Francois"]
[Result "1-0"]
[WhiteElo "1260"]
[BlackElo "1510"]
[PlyCount "81"]
[EventDate "2004.10.23"]
[EventType "swiss"]
[EventRounds "9"]
[EventCountry "FRA"]
[SourceTitle "EXT 2007"]
[Source "ChessBase"]
[SourceDate "2006.11.23"]
[SourceVersion "1"]
[SourceVersionDate "2006.11.23"]
[SourceQuality "1"]

1. d4 d5 2. e4 e6 3. e5 c5 4. c3 Nc6 5. Nf3 f6 6. Bb5 Bd7 7. Be3 a6 8. Bxc6 Bxc6 9. dxc5 fxe5 10. Nxe5 Nf6 11. Nd2 Be7 12. Ndf3 Ne4 13. Bd4 0-0 14. 0-0 Bxc5 15. Nxc6 bxc6 16. Ne5 Qc7 17. f3 Bxd4+ 18. cxd4 Nf6 19. Rc1 c5 20. Rxc5 Qb6 21. b3 Rac8 22. Nd3 Rxc5 23. Nxc5 e5 24. Kh1 exd4 25. Qxd4 Kh8 26. Qf2 Ne4 27. Nxe4 Qxf2 28. Nxf2 d4 29. Nd3 Re8 30. Rc1 h6 31. Kg1 Re2 32. Rd1 Rxa2 33. Nc5 Ra5 34. b4 Rb5 35. Rxd4 a5 36. Nd3 a4 37. Rd8+ Kh7 38. Ra8 Rd5 39. Nc5 Rd1+ 40. Kf2 Ra1 41. Rxa4 1-0

[Event "Guingamp op 6th"]
[Site "Guingamp"]
[Date "2002.??.??"]
[Round "6"]
[White "Briand, Guillaume"]
[Black "Bastide, Francois"]
[Result "0-1"]
[WhiteElo "1380"]
[BlackElo "1499"]
[PlyCount "82"]
[EventDate "2002.04.16"]
[EventType "swiss"]
[EventRounds "7"]
[EventCountry "FRA"]
[SourceTitle "EXT 2003"]
[Source "ChessBase"]
[SourceDate "2002.11.25"]
[SourceVersion "1"]
[SourceVersionDate "2002.11.25"]
[SourceQuality "1"]

1. e4 c5 2. Nc3 Nc6 3. f4 d6 4. Nf3 a6 5. d3 g6 6. Be3 Bg7 7. Be2 Qa5 8. Bd2 Qc7 9. Nd5 Qd8 10. c3 e6 11. Ne3 Qc7 12. 0-0 Nge7 13. Rc1 0-0 14. b4 b5 15. Qe1 Bb7 16. Qh4 h6 17. Ng4 Kh7 18. Nf6+ Bxf6 19. Qxf6 Ng8 20. Qh4 Qe7 21. Qh3 Bc8 22. e5 dxe5 23. fxe5 Bd7 24. bxc5 Qxc5+ 25. d4 Qe7 26. g4 f5 27. g5 h5 28. c4 bxc4 29. Rxc4 Qa3 30. Ra1 Rab8 31. Bc1 Qa5 32. Qf1 Nge7 33. a4 Nd5 34. Rc5 Qb6 35. a5 Qb7 36. Bd2 Qb2 37. Rac1 Nxd4 38. Nxd4 Qxd4+ 39. Kh1 Qxd2 40. h4 Rb2 41. Bf3 Qh2# 0-1

[Event "Fouesnant op 07th"]
[Site "Fouesnant"]
[Date "2001.10.27"]
[Round "1.30"]
[White "Bastide, Francois"]
[Black "Delaire, Eric"]
[Result "0-1"]
[WhiteElo "1499"]
[BlackElo "1900"]
[PlyCount "150"]
[EventDate "2001.10.27"]
[EventType "swiss"]
[EventRounds "7"]
[EventCountry "FRA"]
[SourceTitle "EXT 2003"]
[Source "ChessBase"]
[SourceDate "2002.11.25"]
[SourceVersion "1"]
[SourceVersionDate "2002.11.25"]
[SourceQuality "1"]

1. d4 Nf6 2. c4 g6 3. Nc3 Bg7 4. e4 d6 5. Be3 0-0 6. Nf3 c6 7. Bd3 Nbd7 8. 0-0 e5 9. d5 c5 10. h3 Ne8 11. Bg5 f6 12. Be3 Rf7 13. Qd2 Nf8 14. Ne1 g5 15. f3 Ng6 16. Ne2 Bf8 17. Nc2 Ng7 18. a3 Nh5 19. b4 b6 20. Ra2 Ngf4 21. Nxf4 gxf4 22. Bf2 Rg7 23. Kh2 Qd7 24. bxc5 bxc5 25. Be1 Rb8 26. Na1 Be7 27. Rb2 Rxb2 28. Qxb2 Bd8 29. Nb3 Ng3 30. Bxg3 Rxg3 31. Rf2 a5 32. Qc3 Qg7 33. Qd2 a4 34. Na5 Bxa5 35. Qxa5 Qd7 36. Bc2 Qg7 37. Qd8+ Qf8 38. Qxf8+ Kxf8 39. Bxa4 Rg7 40. Bb5 f5 41. a4 fxe4 42. fxe4 Ke7 43. a5 Kd8 44. a6 Ra7 45. Ra2 Kc7 46. h4 h5 47. Kg1 Kb6 48. Kf2 Bxa6 49. Bxa6 Rxa6 50. Rb2+ Kc7 51. Ke2 Ra3 52. Kf1 Rc3 53. Ra2 Rxc4 54. Ra7+ Kd8 55. Rh7 Rxe4 56. Rh8+ Kc7 57. Rh7+ Kb6 58. Rh6 c4 59. Rxd6+ Kc5 60. Rd8 Rd4 61. Rc8+ Kxd5 62. Rd8+ Ke4 63. Rc8 Kd3 64. Ke1 Rd5 65. Kd1 e4 66. Ke1 c3 67. Kd1 e3 68. Rc7 Ra5 69. Rd7+ Kc4 70. Rc7+ Rc5 71. Ra7 Rd5+ 72. Ke2 Rd2+ 73. Kf3 Rf2+ 74. Ke4 e2 75. Rc7+ Kb3 0-1